000 01009nam a22003017a 4500
003 CHAP
005 20220329135811.0
008 971013s1977 r 00010 d
010 _a42411
011 _a43383
035 _a47519
040 _cCHAP
082 _a631.3
_bF7
100 0 0 _aFrank, Rodolfo Guillermo.
_943018
245 _aCostos y administración de la maquinaria agrícola
260 _aBuenos Aires :
_bHemisferio Sur,
_c1977
300 _a386 p.
_b: gráfs.
590 _aBATCH-UPD
_b10
_c20130110
_lUCH01
_h2112
590 _aBATCH-UPD
_b10
_c20130410
_lUCH01
_h1422
590 _aBATCH-UPD
_b10
_c20130914
_lUCH01
_h1758
590 _aCONVERSION
_b10
_c20130109
_lUCH01
_h1323
650 1 4 _aMaquinaria agrícola.
_971151
901 _aBK
942 _cLIBRO
949 _a631.3 F7
_bBC
_cLIBRO
_d33724000057410
_eLIBRO
_h53697
_i47519
_si
949 _a631.3 F7
_bBC
_cLIBRO
_d33724000057428
_eLIBRO
_fc.2
_h53698
_i47519
_si
949 _a631.3 F7
_bBC
_cLIBRO
_d33724000905709
_eLIBRO
_fc.3
_h53937
_i47519
_so
999 _c42411
_d42411